000 00607nam a2200217Ia 4500
005 20250508161954.0
008 008 250505s9999 xx 000 0 eng d
020 _a0-85664-701-2
037 _aTextual
040 _aFEDL
_beng
_cFEDL
041 _aeng
_2eng
084 _a371.102, HIL
_qFEDL
100 _aHills Philip
245 0 _aTeaching and learning as a communication process
260 _aLondon, UK
_bCroom Helm Ltd
_c1979
300 _a128p.
365 _aGBP
_b8.5
650 _aTeaching and learning
_9652146
942 _cTEXL
_h371.102, HIL
999 _c1373585
_d1373585